Meranie drsnosti povrchu so zameraním na meraciu techniku SURFCOM S5000
Saved in:
| Main Author: | |
|---|---|
| Other Authors: | |
| Format: | Manuscript Book |
| Language: | Slovak |
| Published: |
2016
|
| Subjects: | |
| Online Access: | http://is.stuba.sk/zp/portal_zp.pl?podrobnosti=114420 |
| Tags: |
No Tags, Be the first to tag this record!
|
MARC
| LEADER | 00000ntm a22000003a 4500 | ||
|---|---|---|---|
| 001 | stuzp56117 | ||
| 003 | SK-STU | ||
| 005 | 20160719154917.7 | ||
| 007 | ta | ||
| 008 | 150427s2015----xo-----f-mn---000-0-slo-d | ||
| 040 | |a STU |b slo | ||
| 041 | 0 | |a slo | |
| 100 | 1 | |a Bolibruchová, Jana |u 063000 |4 aut |U MTF Materiálovotechnologická fakulta |T MTF Ústav výrobných technológií |X 71628 |U M3000 |Y 83 |7 71628 | |
| 242 | 0 | 1 | |a Measurement of surface roughness, focusing on measurement technology Surfcom S5000 |y eng |
| 245 | 1 | 0 | |a Meranie drsnosti povrchu so zameraním na meraciu techniku SURFCOM S5000 |
| 260 | |c 2016 | ||
| 650 | 4 | |a drsnosť povrchu |2 slo | |
| 650 | 4 | |a TR110 |2 slo | |
| 650 | 4 | |a Surtronic 3+ |2 slo | |
| 650 | 4 | |a Surfcom 5000 |2 slo | |
| 650 | 4 | |a systémová podpora |2 slo | |
| 650 | 4 | |a surface roughness |2 eng | |
| 650 | 4 | |a TR110 |2 eng | |
| 650 | 4 | |a Surtronic 3+ |2 eng | |
| 650 | 4 | |a Surfcom 5000 |2 eng | |
| 650 | 4 | |a system support |2 eng | |
| 700 | 1 | |a Moravčíková, Jana |u 063800 |k Z1 |4 ths |U MTF Ústav výrobných technológií |T MTF Katedra výrobných systémov, metrológie a montáže |X 1526 |U M3800 |Y 660 |7 A000001526 | |
| 856 | 4 | |u http://is.stuba.sk/zp/portal_zp.pl?podrobnosti=114420 | |
| 996 | |c M* BP-7676 |l MMSKP |s P |a 0 |w stuzp56117_0001 | ||
| SQL | |a stuzp56117 |b DBP |c SLO |d Meranie drsnosti povrchu so zameraním na meraciu techniku SURFCOM S5000 |e 71628 |f Bolibruchová, Jana |g 063000 |h 1526 |i Moravčíková, Jana |j 20160621 |k 174 |l 06 |m http://is.stuba.sk/zp/portal_zp.pl?podrobnosti=114420 |n B-PPT |o 5.2.51. výrobné technológie | ||